LEADER 01561nam a2200313 u 4500 001 000000028561 003 CaOOAMICUS 005 20070226111821.0 008 960801s1988 fr u000 u fre u 020 $a2701012058 035 $a10740496 040 $aPUL$bita$dPUL$dPUL(R) 245 00$aEglise et histoire de l'Eglise en Afrique :$bactes du Colloque de Bologne 22-25 ottobre 1988 /$cédités par Giuseppe Ruggieri. 260 $aParis :$bBeauchesne,$c1988. 300 $axxv, 393 p. ;$c20 cm 490 1 $aBibliothèque Beauchesne.$aReligions, société, politique ;$v18 504 $aBibliografia nelle note dei testi degli interventi. 651 4$aAfrica$xStoria ecclesiastica.$0(OLS)http://pul/subject/2613 700 1 $aRuggieri, Giuseppe.$0(OLS)http://pul/name/7192 830 0$aBibliothèque Beauchesne.$pReligions, société, politique ;$v18.$0(OLS)http://pul/title/14397 850 $aPUL 852 $aPUL$W1$xDP1 Fondo Maccarrone$y58$m1507 D 1$j39642$nBK-PRI$b $qFondi$B39642$CPULBib$Z2$F39642 $H $81 852 $aPUL$W1$xDP2 Religione 1$y63$m79 M 18$j39643$nBK-PRI$qStampati$B39643$CPULBib$Z2$F39643 $H82657 $82 941 1 $a8 941 1 $a1 961 $aINV: 02083 -- Fondo Mons. M. Maccarrone 996 $6020$a2701012058$9(OLS)http://pul/number/35457 996 $6245$aEglise et histoire de l'Eglise en Afrique :$bactes du Colloque de Bologne 22-25 ottobre 1988$9(OLS)http://pul/title/38997 996 $6260$aParis :$bBeauchesne$9(OLS)http://pul/publisher/48115 LEADER 01158nam a2200265 u 4500 001 000000071736 003 CaOOAMICUS 005 20070226122150.0 008 020604s1981 it u000 u ita u 035 $a10931892 040 $aPUL(R)$bita 100 1 $aPovilus, Judith M.$0(OLS)http://pul/name/1702 245 11$a"Gesù in mezzo" nel pensiero di Chiara Lubich :$bgenesi, contenuti e attualità di un tema della sua spiritualità /$cJudith M. Povilus. 250 $a2. ed. 260 $aRoma :$bCittà Nuova,$cc1981. 300 $a287 p. ;$c24 cm 504 $aBibliografia: p. 265-276. 600 14$aLubich, Chiara,$d1920-2008.$0(OLS)http://pul/subject/1557 650 4$aSpiritualità.$0(OLS)http://pul/subject/843 850 $aPUL 852 $aPUL$W1$xDP1 Religione 1$y20$m557 M 27$j92801$nBK-PRI$b $qStampati$B92801$CPULBib$Z2$F92801 $H $81 941 1 $a8 961 $aINV: 73876 996 $6245$a"Gesù in mezzo" nel pensiero di Chiara Lubich :$bgenesi, contenuti e attualità di un tema della sua spiritualità$9(OLS)http://pul/title/2307 996 $6260$aRoma :$bCittà Nuova$9(OLS)http://pul/publisher/47927